000 01475cam a22003494a 4500
001 15598480
003 OCLC
005 20151111102843.0
008 090126s2009 nyuab j 000 0deng
010 _a 2009353179
020 _a9780143038252
040 _aDLC
_cDLC
_dDLC
043 _aa-pk---
_aa-af---
_an-us---
050 0 0 _aLC 2330
_b.M67 2006
082 0 0 _a371.82209549
100 1 _aMorteson, Greg
245 1 0 _aThree cups of tea :
_bone man's mission to promote peace--one school at a time /
_cGreg Mortenson and David Oliver Relin ; adapted for young readers by Sarah Thomson.
250 _aYoung readers ed.
260 _aNew York, N.Y. :
_bDial Books for Young Readers,
_c2006.
300 _axxiii, 209 p., [16] p. of plates :
_bill. (some col.), maps ;
_c21 cm.
600 1 0 _aMortenson, Greg.
650 0 _aGirls' schools
_zPakistan
_vJuvenile literature.
650 0 _aGirls' schools
_zAfghanistan
_vJuvenile literature.
650 0 _aHumanitarian assistance, American
_zPakistan
_vJuvenile literature.
650 0 _aHumanitarian assistance, American
_zAfghanistan
_vJuvenile literature.
700 1 _aMortenson, Greg.
700 1 _aRelin, David Oliver.
856 4 2 _3Publisher description
_uhttp://www.loc.gov/catdir/enhancements/fy0906/2009353179-d.html
906 _a7
_bcbc
_corignew
_d1
_encip
_f20
_gy-gencatlg
942 _2lcc
_cBK
999 _c288960
_d288960